| 000 -LEADER |
| fixed length control field |
01702cam a22003617a 4500 |
| 001 - CONTROL NUMBER |
| control field |
13243254 |
| 003 - CONTROL NUMBER IDENTIFIER |
| control field |
NUST |
| 005 - DATE AND TIME OF LATEST TRANSACTION |
| control field |
20191203105356.0 |
| 008 - FIXED-LENGTH DATA ELEMENTS--GENERAL INFORMATION |
| fixed length control field |
030618s1997 ne af b 101 0 eng d |
| 010 ## - LIBRARY OF CONGRESS CONTROL NUMBER |
| LC control number |
2003271210 |
| 020 ## - INTERNATIONAL STANDARD BOOK NUMBER |
| International Standard Book Number |
9054108711 |
| 035 ## - SYSTEM CONTROL NUMBER |
| System control number |
(OCoLC)ocm38020017 |
| 038 ## - RECORD CONTENT LICENSOR |
| Staff Name |
MSOHAIL |
| 040 ## - CATALOGING SOURCE |
| Original cataloging agency |
AZS |
| Transcribing agency |
AZS |
| Modifying agency |
OHX |
| -- |
OCL |
| -- |
DLC |
| 042 ## - AUTHENTICATION CODE |
| Authentication code |
lccopycat |
| 050 00 - LIBRARY OF CONGRESS CALL NUMBER |
| Classification number |
TA710.A1 |
| Item number |
I597 1996 |
| 072 #7 - SUBJECT CATEGORY CODE |
| Subject category code |
TA |
| Source |
lcco |
| 082 00 - DEWEY DECIMAL CLASSIFICATION NUMBER |
| Classification number |
624.15136 |
| Edition number |
22 |
| 111 2# - MAIN ENTRY--MEETING NAME |
| Meeting name or jurisdiction name as entry element |
International Symposium on Geotechnical Engineering for the Preservation of Monuments and Historic Sites |
| Date of meeting |
(1996 : |
| Location of meeting |
Naples, Italy) |
| 9 (RLIN) |
26404 |
| 245 10 - TITLE STATEMENT |
| Title |
Geotechnical engineering for the preservation of monuments and historic sites : |
| Remainder of title |
proceedings of the International Symposium on Geotechnical Engineering for the Preservation of Monuments and Historic Sites, Napoli, Italy, 3-4 October 1996 / |
| Statement of responsibility, etc. |
edited by Carlo Viggiani. |
| 260 ## - PUBLICATION, DISTRIBUTION, ETC. |
| Place of publication, distribution, etc. |
Rotterdam ; London |
| -- |
CRC Press: |
| Name of publisher, distributor, etc. |
A.A. Balkema, |
| Date of publication, distribution, etc. |
c2013. |
| 300 ## - PHYSICAL DESCRIPTION |
| Extent |
xvii, 794 p., [3] folded plates : |
| Other physical details |
ill. (some col.) ; |
| Dimensions |
26 cm. |
| 500 ## - GENERAL NOTE |
| General note |
Folded plates in pocket. |
| 504 ## - BIBLIOGRAPHY, ETC. NOTE |
| Bibliography, etc. note |
Includes bibliographical references and index. |
| 650 #0 - SUBJECT ADDED ENTRY--TOPICAL TERM |
| Topical term or geographic name entry element |
Soil mechanics |
| Form subdivision |
Congresses. |
| 9 (RLIN) |
26405 |
| 650 #0 - SUBJECT ADDED ENTRY--TOPICAL TERM |
| Topical term or geographic name entry element |
Monuments |
| General subdivision |
Conservation and restoration |
| Form subdivision |
Congresses. |
| 9 (RLIN) |
26406 |
| 650 #0 - SUBJECT ADDED ENTRY--TOPICAL TERM |
| Topical term or geographic name entry element |
Historic sites |
| General subdivision |
Conservation and restoration |
| Form subdivision |
Congresses. |
| 9 (RLIN) |
26407 |
| 700 1# - ADDED ENTRY--PERSONAL NAME |
| Personal name |
Viggiani, Carlo. |
| 9 (RLIN) |
26408 |
| 856 42 - ELECTRONIC LOCATION AND ACCESS |
| Materials specified |
Publisher description |
| Uniform Resource Identifier |
<a href="http://www.loc.gov/catdir/enhancements/fy0916/2003271210-d.html">http://www.loc.gov/catdir/enhancements/fy0916/2003271210-d.html</a> |
| 906 ## - LOCAL DATA ELEMENT F, LDF (RLIN) |
| a |
7 |
| b |
cbc |
| c |
copycat |
| d |
2 |
| e |
ncip |
| f |
20 |
| g |
y-gencatlg |
| 942 ## - ADDED ENTRY ELEMENTS (KOHA) |
| Source of classification or shelving scheme |
|
| Koha item type |
Book |